Fugas de tinta : (Registro nro. 31174)

Detalles MARC
000 -LEADER
fixed length control field 02261nam a22002777a 4500
003 - CONTROL NUMBER IDENTIFIER
control field OSt
005 - DATE AND TIME OF LATEST TRANSACTION
control field 20260420113633.0
008 - FIXED-LENGTH DATA ELEMENTS--GENERAL INFORMATION
fixed length control field 260420b |||||||| |||| 00| 0 eng d
020 ## - INTERNATIONAL STANDARD BOOK NUMBER
International Standard Book Number 9789588545059
035 ## - SYSTEM CONTROL NUMBER
System control number Donación
040 ## - CATALOGING SOURCE
Original cataloging agency CO-JMCR
Language of cataloging spa
Transcribing agency CO-JMCR
Modifying agency CO-JMCR
Description conventions rda
041 0# - LANGUAGE CODE
Language code of text/sound track or separate title spa
082 04 - DEWEY DECIMAL CLASSIFICATION NUMBER
Classification number Co868.08
Item number F84
245 00 - TITLE STATEMENT
Title Fugas de tinta :
Remainder of title Crónicas, cuentos y relatos escritos desde la cárcel /
Statement of responsibility, etc. Compilación de textos José Zuleta y Harold Kremer
264 ## - PRODUCTION, PUBLICATION, DISTRIBUTION, MANUFACTURE, AND COPYRIGHT NOTICE
Place of production, publication, distribution, manufacture Bogotá :
Name of producer, publisher, distributor, manufacturer Taller de Edición Rocca,
Date of production, publication, distribution, manufacture, or copyright notice 2009
300 ## - PHYSICAL DESCRIPTION
Extent 160 páginas :
Dimensions 21 cm.
490 0# - SERIES STATEMENT
Series statement Narrativa ;
505 2# - FORMATTED CONTENTS NOTE
Formatted contents note Cárcel del bosque Barranquilla -- Pepas -- Zapatos nuevos -- Colonia Agrícola de Acacías Meta -- Un pillo llamado Rora -- La Kikona -- Cárcel Bellavista Medellín -- Valió la pena -- Cárcel del Buen Pastor Cali -- Lo mío es la belleza -- Risas desesperadas -- Cárcel de Palmira Valle -- La máscara de la falsa sociedad -- Un viaje a mi pasado -- Cárcel Modelo Bucaramanga -- La tienda Brooklyn -- Mi primer beso
520 3# - SUMMARY, ETC.
Summary, etc. Los textos seleccionados en esta antología conservan la naturalidad del lenguaje usado por los autores. Los giros, modos y expresiones propios de la argótica carcelaria y el habla popular, fueron conservados tal y como estaban expresados en los textos que realizaron. Creemos que estas expresiones propia de la oralidad, enriquecen y aportan elementos para conocer el lenguaje y el mundo en que se desarrollan las historias. Así, además de su riqueza y singularidad literaria, estos textos tienen gran valor como testimonio de un mundo y una realidad pocas veces narrados y que, en este caso, prescienden de cronistas o intermediarios, porque quienes cuentan son los propios protagonistas.<br/>Esperamos que la lectura de estos escritos sea una experencia de reflexión sobre lo que somos; que en ellos el lector pueda leer otras realidades y comprender otros escenarios de nuestra sociedad y su compleja condición humana.
650 #7 - SUBJECT ADDED ENTRY--TOPICAL TERM
Topical term or geographic name entry element Belleza personal
Form subdivision Cuentos
Source of heading or term JMCR
9 (RLIN) 44610
650 #7 - SUBJECT ADDED ENTRY--TOPICAL TERM
Topical term or geographic name entry element Vivencias
Form subdivision Cuentos
Source of heading or term JMCR
9 (RLIN) 44611
650 #7 - SUBJECT ADDED ENTRY--TOPICAL TERM
Topical term or geographic name entry element Crónicas colombianas
Form subdivision Colecciones
Source of heading or term JMCR
9 (RLIN) 13293
700 1# - ADDED ENTRY--PERSONAL NAME
Personal name Kremer, Harold,
Relator term Compilador
9 (RLIN) 44612
700 1# - ADDED ENTRY--PERSONAL NAME
Personal name Zuleta, José,
Relator term Compilador
9 (RLIN) 44613
942 ## - ADDED ENTRY ELEMENTS (KOHA)
Source of classification or shelving scheme Dewey Decimal Classification
Koha item type Books
Existencias
Withdrawn status Lost status Source of classification or shelving scheme Damaged status Not for loan Collection code Home library Current library Shelving location Date acquired Source of acquisition Total Checkouts Full call number Barcode Date last seen Copy number Price effective from Koha item type
    Dewey Decimal Classification     Non-fiction Biblioteca Pública José María del Castillo y Rada Biblioteca Pública José María del Castillo y Rada Book Cart 02/23/2022 Donación   Co868.08 F84 201811167 04/20/2026 Ej. 1 04/20/2026 Books